<?xml version="1.0" encoding="UTF-8"?><?xml-stylesheet type="text/xsl" href="static/style.xsl"?><OAI-PMH xmlns="http://www.openarchives.org/OAI/2.0/" xmlns:xsi="http://www.w3.org/2001/XMLSchema-instance" xsi:schemaLocation="http://www.openarchives.org/OAI/2.0/ http://www.openarchives.org/OAI/2.0/OAI-PMH.xsd"><responseDate>2026-06-04T05:44:56Z</responseDate><request verb="GetRecord" identifier="oai:riuma.uma.es:10630/33041" metadataPrefix="marc">https://riuma.uma.es/rest/oai/request</request><GetRecord><record><header><identifier>oai:riuma.uma.es:10630/33041</identifier><datestamp>2026-02-03T11:09:37Z</datestamp><setSpec>com_10630_2254</setSpec><setSpec>col_10630_37953</setSpec></header><metadata><record xmlns="http://www.loc.gov/MARC21/slim" xmlns:dcterms="http://purl.org/dc/terms/" xmlns:doc="http://www.lyncode.com/xoai" xmlns:xsi="http://www.w3.org/2001/XMLSchema-instance" xsi:schemaLocation="http://www.loc.gov/MARC21/slim http://www.loc.gov/standards/marcxml/schema/MARC21slim.xsd">
   <leader>00925njm 22002777a 4500</leader>
   <datafield ind2=" " ind1=" " tag="042">
      <subfield code="a">dc</subfield>
   </datafield>
   <datafield ind2=" " ind1=" " tag="720">
      <subfield code="a">Di-Paola, Modesta</subfield>
      <subfield code="e">author</subfield>
   </datafield>
   <datafield ind2=" " ind1=" " tag="260">
      <subfield code="c">2008</subfield>
   </datafield>
   <datafield ind2=" " ind1=" " tag="520">
      <subfield code="a">El modelo actual de creación artística, siguiendo los cambios dados por la nueva era globalizada, se ha comprometido con la difícil tarea de subvertir las perspectivas de representación convencional de la subjetividad humana. El individuo, lejos de ser una esencia monolítica definida, se define más bien por el conjunto de experiencias múltiples dadas por variables que se combinan entre ellas como la clase, la raza, la edad, el estilo de vida, la preferencia sexual y la experiencia personal. La artista Danika Dakic reflexiona sobre estas combinaciones de elementos que componen la esencia de las subjetividades sobremodernas imponiéndose al descubrimiento de ciertas localizaciones que si no quedarían omitidas en los relatos tradicionales de la Historia o de la Política.</subfield>
   </datafield>
   <datafield ind1="8" ind2=" " tag="024">
      <subfield code="a">Modesta Di Paola. “Introducción a la obra de Danica Dakic”, Interartive, no. 1, junio 2008. ISSN en línea 2013-679X</subfield>
   </datafield>
   <datafield ind1="8" ind2=" " tag="024">
      <subfield code="a">2013-679X</subfield>
   </datafield>
   <datafield ind1="8" ind2=" " tag="024">
      <subfield code="a">https://hdl.handle.net/10630/33041</subfield>
   </datafield>
   <datafield tag="653" ind2=" " ind1=" ">
      <subfield code="a">Historia del Arte</subfield>
   </datafield>
   <datafield tag="653" ind2=" " ind1=" ">
      <subfield code="a">Creación artística</subfield>
   </datafield>
   <datafield ind2="0" ind1="0" tag="245">
      <subfield code="a">Introducción a la obra de Danica Dakic</subfield>
   </datafield>
</record>
</metadata></record></GetRecord></OAI-PMH>